Pokémon possibles à capturer pendant le Concours de Capture d'Insecte - Statistiques

Statistiques générales
  • Ce quiz a été pris 15 fois
  • Le résultat moyen est 69 sur 72
Statistiques - réponses
Jeu Pokémon % Correct
Or Heartgold Armulys
100%
Argent Soulsilver Armulys
100%
Or Aspicot
100%
Argent Aspicot
100%
Cristal Aspicot
100%
Or Heartgold Aspicot
100%
Argent Soulsilver Aspicot
100%
Or Heartgold Blindalys
100%
Argent Soulsilver Blindalys
100%
Or Heartgold Charmillon
100%
Argent Soulsilver Charmillon
100%
Or Chenipan
100%
Argent Chenipan
100%
Cristal Chenipan
100%
Or Heartgold Chenipan
100%
Argent Soulsilver Chenipan
100%
Or Heartgold Chenipotte
100%
Argent Soulsilver Chenipotte
100%
Or Chrysacier
100%
Argent Chrysacier
100%
Cristal Chrysacier
100%
Or Heartgold Chrysacier
100%
Argent Soulsilver Chrysacier
100%
Or Coconfort
100%
Argent Coconfort
100%
Cristal Coconfort
100%
Or Heartgold Coconfort
100%
Argent Soulsilver Coconfort
100%
Or Dardargnan
100%
Argent Dardargnan
100%
Cristal Dardargnan
100%
Or Heartgold Dardargnan
100%
Argent Soulsilver Dardargnan
100%
Or Insécateur
100%
Argent Insécateur
100%
Cristal Insécateur
100%
Or Heartgold Insécateur
100%
Argent Soulsilver Insécateur
100%
Or Papilusion
100%
Argent Papilusion
100%
Cristal Papilusion
100%
Or Heartgold Papilusion
100%
Argent Soulsilver Papilusion
100%
Or Heartgold Papinox
100%
Argent Soulsilver Papinox
100%
Or Scarabrute
100%
Argent Scarabrute
100%
Cristal Scarabrute
100%
Or Heartgold Scarabrute
100%
Argent Soulsilver Scarabrute
100%
Or Mimitoss
91%
Argent Mimitoss
91%
Cristal Mimitoss
91%
Or Heartgold Mimitoss
91%
Argent Soulsilver Mimitoss
91%
Or Heartgold Ningale
91%
Argent Soulsilver Ningale
91%
Or Paras
91%
Argent Paras
91%
Cristal Paras
91%
Or Heartgold Paras
91%
Argent Soulsilver Paras
91%
Or Heartgold Crikzik
82%
Argent Soulsilver Crikzik
82%
Or Heartgold Lumivole
82%
Argent Soulsilver Lumivole
82%
Or Heartgold Mélokrik
82%
Argent Soulsilver Mélokrik
82%
Or Heartgold Muciole
82%
Argent Soulsilver Muciole
82%
Or Heartgold Apitrini
73%
Argent Soulsilver Apitrini
73%
Aucun quiz correspondant
Distribution des résultats
% des personnes avec chaque résultat
Percentile par nombre de réponses
Votre historique - résultats
Vous n’avez pas pris ce quiz